[Event "Perth op-A"]
[Site "Perth"]
[Date "2023.04.22"]
[Round "2"]
[White "Marsh, Roger DW"]
[Black "Irving, Neil"]
[Result "1-0"]
[WhiteElo "1911"]
[BlackElo "1817"]
[PlyCount "195"]
[EventDate "2023.04.21"]
[EventType "swiss"]
[EventRounds "5"]
[EventCountry "SCO"]
[SourceTitle "EXT 2024"]
[Source "ChessBase"]
[SourceDate "2023.10.10"]
[SourceVersion "1"]
[SourceVersionDate "2023.10.10"]
[SourceQuality "1"]

1. d4 d5 2. c4 dxc4 3. e4 Nc6 4. Nf3 Nf6 5. Nc3 Bg4 6. Be3 Bxf3 7. gxf3 e5 8. d5 Na5 9. Bxc4 Nxc4 10. Qa4+ Qd7 11. Qxc4 Bd6 12. Qb5 0-0 13. Qxd7 Nxd7 14. Ke2 f5 15. Rac1 a6 16. Na4 b6 17. Rc6 Rad8 18. b3 Nf6 19. Bg5 fxe4 20. fxe4 h6 21. Bxf6 Rxf6 22. Rc3 Rdf8 23. f3 R8f7 24. Rg1 b5 25. Nb2 Bb4 26. Rd3 Bc5 27. Rg3 Bd4 28. Nd1 c6 29. Ne3 cxd5 30. Nxd5 Rc6 31. Rd2 Rc1 32. Ne3 Bxe3 33. Kxe3 Rfc7 34. Rgg2 R7c3+ 35. Rd3 Rxd3+ 36. Kxd3 Rf1 37. Ke3 Re1+ 38. Kf2 Rc1 39. Kg3 Kf7 40. Rd2 Ke6 41. Kf2 Rh1 42. Kg2 Rc1 43. h3 b4 44. Kg3 g5 45. Rg2 Rc3 46. Rf2 Rc1 47. Kg4 Rg1+ 48. Kh5 Rh1 49. Kxh6 Kf6 50. Kh5 Rxh3+ 51. Kg4 Rh1 52. Rc2 Rg1+ 53. Kh3 a5 54. Rc6+ Ke7 55. Ra6 Ra1 56. Rxa5 Kf6 57. Ra6+ Kf7 58. Kg4 Rf1 59. Rb6 Rf2 60. Rxb4 Rxa2 61. Kxg5 Rf2 62. Kg4 Ke6 63. Rb6+ Kd7 64. Rb7+ Ke6 65. b4 Rg2+ 66. Kh3 Rg8 67. b5 Kf6 68. b6 Kg5 69. Kg3 Rg6 70. Kf2 Kh6 71. Ke3 Rg1 72. Re7 Rb1 73. b7 Kg6 74. Kd3 Kf6 75. Rh7 Ke6 76. Rh6+ Kd7 77. Kc4 Kc7 78. Rh7+ Kc6 79. Rh6+ Kxb7 80. Kd5 Rb5+ 81. Kc4 Ra5 82. Rf6 Kc7 83. Kb4 Ra1 84. Kc4 Kd7 85. Kd3 Ke7 86. Rb6 Ra2 87. Ke3 Rc2 88. Rb3 Ke6 89. Rd3 Ra2 90. Rd2 Ra8 91. Kf2 Ra7 92. Rd1 Ra8 93. Rh1 Kf6 94. Rh6+ Kg5 95. Re6 Kf4 96. Rf6+ Kg5 97. Rf5+ Kg6 98. Rxe5 1-0

[Event "BCF-chT4S 1819 (4NCL)"]
[Site "England"]
[Date "2019.05.04"]
[Round "9.33"]
[White "Trivedi, Aarnavh"]
[Black "Marsh, Roger DW"]
[Result "0-1"]
[WhiteElo "1862"]
[BlackElo "1937"]
[PlyCount "100"]
[EventDate "2018.11.17"]
[EventType "team-swiss"]
[EventRounds "11"]
[EventCountry "ENG"]
[SourceTitle "EXT 2021"]
[Source "ChessBase"]
[SourceDate "2020.10.23"]
[SourceVersion "1"]
[SourceVersionDate "2020.10.23"]
[SourceQuality "1"]
[WhiteTeam "Poisoned Pawns Next Generation"]
[BlackTeam "Wessex II"]
[WhiteTeamCountry "ENG"]
[BlackTeamCountry "ENG"]

1. d4 g6 2. Nf3 Bg7 3. e4 c6 4. Nc3 d5 5. Bf4 dxe4 6. Nxe4 Bg4 7. c3 Nd7 8. h3 Bxf3 9. Qxf3 Ngf6 10. Nxf6+ Nxf6 11. Bc4 0-0 12. 0-0 Nd5 13. Be3 e6 14. Rad1 Qc7 15. Bxd5 cxd5 16. h4 h6 17. Bf4 Qe7 18. Qg3 Rfc8 19. h5 g5 20. Bd2 f5 21. Qe3 Rc6 22. Rfe1 Qf7 23. Qh3 b5 24. g4 Rf8 25. Re2 fxg4 26. Qxg4 Qf3 27. Qxf3 Rxf3 28. Kg2 Rf6 29. Kg3 Bf8 30. Rde1 Bd6+ 31. Kg2 Kf7 32. f3 Rc8 33. Rf2 Ke7 34. Ree2 Rcf8 35. Be3 Kd7 36. Re1 a5 37. Ref1 b4 38. Kh3 Kc6 39. Kg4 Bf4 40. Bxf4 Rxf4+ 41. Kg3 bxc3 42. bxc3 Kb5 43. Re2 R8f6 44. Rff2 Kc4 45. Rc2 Rh4 46. Rf1 Rxh5 47. Rff2 Rh1 48. Kg2 Rd1 49. Kg3 Rd3 50. Kg4 Rxc3 0-1

[Event "BCF-chT3S 1718 (4NCL) Promotion pool"]
[Site "England"]
[Date "2018.05.05"]
[Round "9.26"]
[White "Marsh, Roger DW"]
[Black "Moyse, Nigel John"]
[Result "0-1"]
[WhiteElo "1956"]
[BlackElo "2052"]
[PlyCount "70"]
[EventDate "2017.11.11"]
[EventType "team-tourn"]
[EventRounds "11"]
[EventCountry "ENG"]
[SourceTitle "EXT 2020"]
[Source "ChessBase"]
[SourceDate "2019.10.17"]
[SourceVersion "1"]
[SourceVersionDate "2019.10.17"]
[SourceQuality "1"]
[WhiteTeam "Wessex"]
[BlackTeam "Oxford II"]
[WhiteTeamCountry "ENG"]
[BlackTeamCountry "ENG"]

1. d4 Nf6 2. c4 g6 3. Nc3 Bg7 4. e4 d6 5. Be2 0-0 6. f4 c6 7. Nf3 Qc7 8. e5 Ne8 9. 0-0 f6 10. Be3 fxe5 11. fxe5 Bg4 12. Ng5 Bxe2 13. Rxf8+ Bxf8 14. Qxe2 dxe5 15. Ne6 Qa5 16. Nxf8 Kxf8 17. dxe5 Nd7 18. Rf1+ Kg8 19. Bh6 Ng7 20. Bxg7 Kxg7 21. e6 Qc5+ 22. Kh1 Nf6 23. a3 Rd8 24. Rd1 Rd4 25. Rxd4 Qxd4 26. h3 Qd6 27. Qe3 b6 28. b4 Nh5 29. g4 Qf4 30. Qd3 Nf6 31. b5 cxb5 32. Nxb5 Ne4 33. Qd4+ Kh6 34. Qd5 Qf1+ 35. Kh2 Qf2+ 0-1

[Event "BCF-chT3Sc 1516 (4NCL)"]
[Site "England"]
[Date "2016.03.20"]
[Round "8.80"]
[White "Marsh, Roger DW"]
[Black "Bryant, Richard BE"]
[Result "0-1"]
[WhiteElo "2003"]
[BlackElo "2035"]
[PlyCount "80"]
[EventDate "2016.03.20"]
[EventType "team-swiss"]
[EventRounds "11"]
[EventCountry "ENG"]
[SourceTitle "EXT 2017"]
[Source "ChessBase"]
[SourceDate "2016.10.25"]
[SourceVersion "1"]
[SourceVersionDate "2016.10.25"]
[SourceQuality "1"]
[WhiteTeam "Wessex"]
[BlackTeam "Shropshire"]
[WhiteTeamCountry "ENG"]
[BlackTeamCountry "ENG"]

1. d4 e6 2. c4 f5 3. g3 Nf6 4. Bg2 d5 5. cxd5 exd5 6. Nh3 Bd6 7. 0-0 0-0 8. Nc3 c6 9. Bf4 Bb4 10. Qb3 Qe7 11. Rfe1 Kh8 12. a3 Ba5 13. Qc2 Ne4 14. b4 Bb6 15. Rad1 Nxc3 16. Qxc3 Be6 17. a4 a5 18. b5 cxb5 19. axb5 a4 20. Bd2 Ba5 21. Qe3 Bxd2 22. Rxd2 Qb4 23. Rdd1 Bg8 24. Rb1 Qd6 25. Qf4 Qb6 26. Qd2 Ra5 27. Qb4 Nd7 28. Nf4 a3 29. Rb3 a2 30. Ra1 Rfa8 31. e3 Ra4 32. Qe7 Nf6 33. Nd3 R4a7 34. Bh3 Ne4 35. Bxf5 Nd2 36. Rc3 Nc4 37. Bd7 Qc7 38. Ne5 b6 39. Qh4 Nxe5 40. Rxc7 Nf3+ 0-1

[Event "Birmingham 4NCL op-A 7th"]
[Site "Birmingham"]
[Date "2016.01.31"]
[Round "4"]
[White "Jayawarna, Nugith"]
[Black "Marsh, Roger DW"]
[Result "1/2-1/2"]
[WhiteElo "1962"]
[BlackElo "2003"]
[PlyCount "87"]
[EventDate "2016.01.29"]
[EventType "swiss"]
[EventRounds "5"]
[EventCountry "ENG"]
[SourceTitle "CBM 170 Extra"]
[Source "ChessBase"]
[SourceDate "2016.02.25"]
[SourceVersion "1"]
[SourceVersionDate "2016.02.25"]
[SourceQuality "1"]

1. c4 g6 2. g3 Bg7 3. Bg2 d6 4. Nc3 e5 5. e4 Nc6 6. Nge2 f5 7. d3 Nf6 8. 0-0 0-0 9. h3 fxe4 10. dxe4 Be6 11. Nd5 Ne7 12. b3 Rf7 13. Bg5 h6 14. Nxf6+ Bxf6 15. Bxf6 Rxf6 16. Qd2 Kh7 17. Rad1 Qd7 18. Kh2 Raf8 19. f4 Qe8 20. fxe5 Rxf1 21. Rxf1 Rxf1 22. Bxf1 dxe5 23. Qa5 Nc6 24. Qxc7+ Qd7 25. Qxd7+ Bxd7 26. h4 Bg4 27. Nc3 Nd4 28. Bh3 Bf3 29. g4 g5 30. hxg5 hxg5 31. Kg3 Ne2+ 32. Nxe2 Bxe2 33. c5 Kg7 34. Kf2 Bd1 35. Ke3 Kf6 36. Kd3 Ke6 37. Ke3 Kd7 38. Kd2 Bf3 39. Ke3 Bd1 40. Kd3 Kc6 41. b4 b6 42. cxb6 axb6 43. Kc3 Bf3 44. Kd3 1/2-1/2

[Event "Birmingham 4NCL op-A 7th"]
[Site "Birmingham"]
[Date "2016.01.30"]
[Round "2"]
[White "Camp, Imogen AL"]
[Black "Marsh, Roger DW"]
[Result "1-0"]
[WhiteElo "1597"]
[BlackElo "2003"]
[PlyCount "61"]
[EventDate "2016.01.29"]
[EventType "swiss"]
[EventRounds "5"]
[EventCountry "ENG"]
[SourceTitle "CBM 170 Extra"]
[Source "ChessBase"]
[SourceDate "2016.02.25"]
[SourceVersion "1"]
[SourceVersionDate "2016.02.25"]
[SourceQuality "1"]

1. d4 g6 2. Nf3 Bg7 3. Bf4 c5 4. c3 cxd4 5. cxd4 Nf6 6. Nc3 d6 7. h3 0-0 8. e3 Nc6 9. Be2 Bd7 10. 0-0 Rc8 11. Rc1 Qa5 12. Qd2 e5 13. dxe5 dxe5 14. Bg3 Bf5 15. Rfd1 Rfd8 16. Qe1 e4 17. Nd4 Nxd4 18. Rxd4 Rxd4 19. exd4 Bh6 20. Rd1 Nd5 21. Nxd5 Qxd5 22. b3 Rc2 23. Bc4 Qd8 24. Qb4 b6 25. Qa4 a5 26. Qc6 e3 27. Qb7 exf2+ 28. Bxf2 Qf6 29. Bg3 Be3+ 30. Kh2 Bxd4 31. Rxd4 1-0

[Event "Birmingham 4NCL op-A 3rd"]
[Site "Birmingham"]
[Date "2015.07.18"]
[Round "2"]
[White "Murphy, Hugh"]
[Black "Marsh, Roger DW"]
[Result "1-0"]
[WhiteElo "2170"]
[BlackElo "2013"]
[PlyCount "51"]
[EventDate "2015.07.17"]
[EventType "swiss"]
[EventRounds "5"]
[EventCountry "ENG"]
[SourceTitle "CBM 167 Extra"]
[Source "ChessBase"]
[SourceDate "2015.09.14"]
[SourceVersion "1"]
[SourceVersionDate "2015.09.14"]
[SourceQuality "1"]

1. d4 g6 2. e4 Bg7 3. Nc3 c6 4. f4 d5 5. e5 h5 6. Be3 Nh6 7. Nf3 Bg4 8. h3 Bxf3 9. Qxf3 h4 10. Bd3 e6 11. 0-0 Nd7 12. Ne2 Nf5 13. Bf2 Bf8 14. b3 b5 15. c4 Rb8 16. Kh2 Be7 17. Rad1 Qa5 18. Ng1 Nb6 19. cxb5 cxb5 20. Qe2 Na8 21. Nf3 0-0 22. Bxf5 gxf5 23. Bxh4 Bxh4 24. Nxh4 Qd8 25. Qh5 Rc8 26. Rf3 1-0

[Event "Bournemouth op 4th"]
[Site "Bournemouth"]
[Date "2015.06.21"]
[Round "5"]
[White "Clancy, Martin J"]
[Black "Marsh, Roger DW"]
[Result "1/2-1/2"]
[WhiteElo "1951"]
[BlackElo "2013"]
[PlyCount "72"]
[EventDate "2015.06.19"]
[EventType "swiss"]
[EventRounds "5"]
[EventCountry "ENG"]
[SourceTitle "CBM 167 Extra"]
[Source "ChessBase"]
[SourceDate "2015.09.14"]
[SourceVersion "1"]
[SourceVersionDate "2015.09.14"]
[SourceQuality "1"]

1. e4 g6 2. d4 Bg7 3. Nf3 c6 4. Nc3 d5 5. Be3 Nf6 6. e5 Ne4 7. Bd3 Nxc3 8. bxc3 Bg4 9. h3 Bxf3 10. Qxf3 e6 11. Rb1 Qc7 12. 0-0 a6 13. Bg5 Nd7 14. c4 h6 15. Bd2 dxc4 16. Bxc4 b5 17. Bd3 Rc8 18. c4 Nb6 19. Ba5 Qa7 20. Bb4 Bf8 21. Qf6 Rg8 22. Ba5 Be7 23. Qf3 Bd8 24. Be4 Nxc4 25. Bxc6+ Kf8 26. Bxd8 Rxd8 27. Rbd1 Qe7 28. Bb7 a5 29. Rd3 Nxe5 30. dxe5 Rxd3 31. Qxd3 Qxb7 32. Qd8+ Kg7 33. Qxa5 Qd5 34. Rb1 Ra8 35. Qxb5 Qxb5 36. Rxb5 Rxa2 1/2-1/2

[Event "Bournemouth op 4th"]
[Site "Bournemouth"]
[Date "2015.06.19"]
[Round "1"]
[White "Britton, Richard"]
[Black "Marsh, Roger DW"]
[Result "1-0"]
[WhiteElo "2238"]
[BlackElo "2013"]
[PlyCount "93"]
[EventDate "2015.06.19"]
[EventType "swiss"]
[EventRounds "5"]
[EventCountry "ENG"]
[SourceTitle "CBM 167 Extra"]
[Source "ChessBase"]
[SourceDate "2015.09.14"]
[SourceVersion "1"]
[SourceVersionDate "2015.09.14"]
[SourceQuality "1"]

1. e4 c6 2. d3 d5 3. Nd2 e5 4. Ngf3 Bd6 5. d4 Nd7 6. exd5 cxd5 7. dxe5 Nxe5 8. Nxe5 Bxe5 9. Nf3 Bd6 10. Bb5+ Bd7 11. Bxd7+ Qxd7 12. 0-0 Ne7 13. Bg5 0-0 14. Bxe7 Bxe7 15. Qd3 Rad8 16. Rad1 Qc7 17. Qb3 b6 18. Rd3 Rd6 19. Rfd1 Rfd8 20. Nd4 Rf6 21. Nf3 Rfd6 22. c3 Qc4 23. Nd4 Bf6 24. Nf5 Qxb3 25. axb3 R6d7 26. Ne3 d4 27. Ng4 Bg5 28. Ne5 Rc7 29. Rxd4 Re8 30. Nf3 Rc5 31. Kf1 Bf6 32. Rd5 Rec8 33. Rxc5 Rxc5 34. b4 Rc7 35. Rd5 Kf8 36. Ne1 Ke8 37. Nd3 Re7 38. b5 Re4 39. Nb4 Rc4 40. Ke2 Rc7 41. f4 Be7 42. Nc6 f6 43. Kd3 Kf7 44. f5 g6 45. g4 Bf8 46. h3 Bc5 47. Nd8+ 1-0

[Event "BCF-chT2d 1415 (4NCL) Demotion pool"]
[Site "England"]
[Date "2015.05.03"]
[Round "10.31"]
[White "Marsh, Roger DW"]
[Black "Martin Perez, Javier"]
[Result "1-0"]
[WhiteElo "2011"]
[BlackElo "2038"]
[PlyCount "71"]
[EventDate "2015.03.29"]
[EventType "team-tourn"]
[EventRounds "11"]
[EventCountry "ENG"]
[SourceTitle "EXT 2016"]
[Source "ChessBase"]
[SourceDate "2015.10.08"]
[SourceVersion "1"]
[SourceVersionDate "2015.10.08"]
[SourceQuality "1"]
[WhiteTeam "Wessex"]
[BlackTeam "Rhyfelwyr Essyllwg"]
[WhiteTeamCountry "ENG"]
[BlackTeamCountry "ENG"]

1. d4 d5 2. c4 c6 3. cxd5 cxd5 4. Nc3 Nf6 5. Nf3 Nc6 6. Bf4 Bf5 7. Qb3 Na5 8. Qa4+ Bd7 9. Qc2 Rc8 10. e3 Ne4 11. Bd3 Nxc3 12. bxc3 Qb6 13. Ne5 Bb5 14. Rb1 a6 15. Bxb5+ axb5 16. Qf5 Qe6 17. Qxe6 fxe6 18. Rxb5 Ra8 19. 0-0 g6 20. Ra1 Bg7 21. Nd3 Kf7 22. Bc7 Nc4 23. a4 Ra7 24. Nc5 Rc8 25. Bb6 Raa8 26. Nxb7 Ra6 27. Bc5 Ke8 28. Bb4 Rca8 29. Nc5 Rc6 30. Nd3 Rca6 31. a5 R6a7 32. Nc5 e5 33. Ne6 Bf6 34. Rxd5 Kf7 35. Nd8+ Ke8 36. Nc6 1-0

[Event "BCF-chT2b 1415 (4NCL)"]
[Site "England"]
[Date "2015.02.15"]
[Round "6.31"]
[White "Grieve, Harry"]
[Black "Marsh, Roger DW"]
[Result "1/2-1/2"]
[WhiteElo "1882"]
[BlackElo "2013"]
[PlyCount "46"]
[EventDate "2014.11.15"]
[EventType "team-tourn"]
[EventRounds "7"]
[EventCountry "ENG"]
[SourceTitle "EXT 2016"]
[Source "ChessBase"]
[SourceDate "2015.10.08"]
[SourceVersion "1"]
[SourceVersionDate "2015.10.08"]
[SourceQuality "1"]
[WhiteTeam "MK Phoenix"]
[BlackTeam "Wessex"]
[WhiteTeamCountry "ENG"]
[BlackTeamCountry "ENG"]

1. e4 g6 2. d4 Bg7 3. Nc3 c6 4. Be3 d5 5. e5 h5 6. Qd2 Nh6 7. Bd3 Bf5 8. 0-0-0 Bxd3 9. Qxd3 e6 10. Nf3 Nf5 11. h3 h4 12. Ne2 Nd7 13. g4 hxg3 14. Nxg3 Nh4 15. Bg5 Bh6 16. Bxh6 Nxf3 17. Qxf3 Rxh6 18. Qe3 Rh4 19. f4 Qe7 20. Ne2 0-0-0 21. Kb1 Nb6 22. b3 Qa3 23. Qc1 Qxc1+ 1/2-1/2

[Event "BCF-chT3 1011 (4NCL)"]
[Site "England"]
[Date "2011.02.20"]
[Round "6.33"]
[White "Bayliss, Lyall CP"]
[Black "Marsh, Roger DW"]
[Result "1/2-1/2"]
[WhiteElo "1963"]
[BlackElo "2017"]
[PlyCount "129"]
[EventDate "2010.11.06"]
[EventType "team-swiss"]
[EventRounds "9"]
[EventCountry "ENG"]
[SourceTitle "EXT 2012"]
[Source "ChessBase"]
[SourceDate "2011.11.24"]
[SourceVersion "1"]
[SourceVersionDate "2011.11.24"]
[SourceQuality "1"]
[WhiteTeam "KJCA Kings"]
[BlackTeam "Wessex II"]
[WhiteTeamCountry "ENG"]
[BlackTeamCountry "ENG"]

1. e4 g6 2. d4 Bg7 3. Nf3 c6 4. Bc4 d5 5. exd5 cxd5 6. Bb3 Nf6 7. c3 Nc6 8. Bf4 Bg4 9. h3 Bxf3 10. Qxf3 e6 11. 0-0 Ne4 12. Nd2 Nxd2 13. Bxd2 0-0 14. Rad1 b5 15. Qd3 Qb6 16. h4 h5 17. Bc2 f5 18. Rfe1 Rfe8 19. Re3 a5 20. Rde1 Kf7 21. a4 b4 22. Qb5 Qxb5 23. axb5 bxc3 24. bxc3 Nd8 25. Ba4 Re7 26. R3e2 Bf6 27. g3 Nb7 28. Bf4 Rc8 29. Re3 Ree8 30. b6 Re7 31. Bc7 Nd8 32. f4 Rcxc7 33. bxc7 Rxc7 34. Rb1 Nb7 35. Rb6 Be7 36. Rexe6 Nd6 37. Rexd6 Bxd6 38. Rxd6 Rxc3 39. Rxd5 Rxg3+ 40. Kf2 Ke6 41. Rxa5 Rd3 42. d5+ Kd6 43. Bc6 Rh3 44. Ba8 Rxh4 45. Ra6+ Kd7 46. Ke3 Rg4 47. Bc6+ Kd6 48. Ra7 h4 49. Rd7+ Kc5 50. Ba8 Rg3+ 51. Kf2 Ra3 52. Rc7+ Kd4 53. Rc8 Ra2+ 54. Kg1 Ke3 55. d6 Rd2 56. Re8+ Kxf4 57. Re6 g5 58. Bc6 h3 59. d7 g4 60. Re2 Rd4 61. Kh2 Rd3 62. Re8 g3+ 63. Kxh3 Rd2 64. Bg2 Rxd7 65. Rh8 1/2-1/2

[Event "BCF-chT2d 0910 (4NCL) Demotion pool"]
[Site "England"]
[Date "2010.05.03"]
[Round "11.7"]
[White "Marsh, Roger DW"]
[Black "Harford, Alun"]
[Result "1-0"]
[WhiteElo "2067"]
[BlackElo "1746"]
[PlyCount "87"]
[EventDate "2009.10.24"]
[EventType "team-tourn"]
[EventRounds "4"]
[EventCountry "ENG"]
[SourceTitle "EXT 2010"]
[Source "ChessBase"]
[SourceDate "2010.11.25"]
[SourceVersion "1"]
[SourceVersionDate "2010.11.25"]
[SourceQuality "1"]
[WhiteTeam "Wessex"]
[BlackTeam "Guildford III"]
[WhiteTeamCountry "ENG"]
[BlackTeamCountry "ENG"]

1. d4 g6 2. c4 Bg7 3. Nc3 c5 4. d5 d6 5. g3 Bf5 6. Bh3 Qd7 7. Bxf5 Qxf5 8. Bd2 Nf6 9. Qb1 Qd7 10. Qd3 0-0 11. Nf3 Na6 12. a3 Nc7 13. 0-0 a6 14. a4 b5 15. axb5 axb5 16. cxb5 Rfb8 17. Ra3 Nfe8 18. Rb1 Rxa3 19. bxa3 Bxc3 20. Bxc3 Nxb5 21. a4 Nec7 22. axb5 Rxb5 23. Rxb5 Qxb5 24. Qxb5 Nxb5 25. Ba5 f5 26. Kf1 h6 27. Ke1 Kf7 28. Kd2 g5 29. Kd3 g4 30. Nd2 e6 31. e4 Nd4 32. Bc3 Nb5 33. Bb2 fxe4+ 34. Kxe4 exd5+ 35. Kxd5 Ke7 36. Ne4 Nc7+ 37. Kc6 Ne8 38. Ba3 Ke6 39. Bb2 c4 40. Bd4 Ke7 41. Nd2 Nf6 42. Bxf6+ Kxf6 43. Kd5 c3 44. Ne4+ 1-0

[Event "Paington op"]
[Site "Paington"]
[Date "2009.09.10"]
[Round "5"]
[White "Milnes, Anthony CP"]
[Black "Marsh, Roger DW"]
[Result "1/2-1/2"]
[WhiteElo "2063"]
[BlackElo "2074"]
[PlyCount "51"]
[EventDate "2009.09.06"]
[EventType "swiss"]
[EventRounds "7"]
[EventCountry "ENG"]
[SourceTitle "CBM 132 Extra"]
[Source "ChessBase"]
[SourceDate "2009.11.03"]
[SourceVersion "1"]
[SourceVersionDate "2009.11.03"]
[SourceQuality "1"]

1. f4 g6 2. Nf3 Bg7 3. Nc3 d5 4. e3 Nf6 5. Be2 c5 6. d3 0-0 7. 0-0 Nc6 8. Ne5 d4 9. Nxc6 bxc6 10. Ne4 Nd5 11. Nxc5 Qb6 12. Nb3 Nxe3 13. Bxe3 dxe3 14. d4 Be6 15. c3 Bxb3 16. axb3 a5 17. Rf3 e6 18. Kh1 c5 19. dxc5 Qxc5 20. Qc1 Rfb8 21. Bc4 a4 22. Qxe3 Qxe3 23. Rxe3 axb3 24. Rxa8 Rxa8 25. g3 Rc8 26. Re4 1/2-1/2

[Event "Paington op"]
[Site "Paington"]
[Date "2009.09.07"]
[Round "2"]
[White "Marsh, Roger DW"]
[Black "White, Michael JR"]
[Result "0-1"]
[WhiteElo "2074"]
[BlackElo "2259"]
[PlyCount "78"]
[EventDate "2009.09.06"]
[EventType "swiss"]
[EventRounds "7"]
[EventCountry "ENG"]
[SourceTitle "CBM 132 Extra"]
[Source "ChessBase"]
[SourceDate "2009.11.03"]
[SourceVersion "1"]
[SourceVersionDate "2009.11.03"]
[SourceQuality "1"]

1. d4 Nf6 2. c4 g6 3. Nc3 Bg7 4. e4 d6 5. Be2 0-0 6. Bg5 Na6 7. h3 e5 8. d5 h6 9. Be3 Nc5 10. Qc2 c6 11. dxc6 bxc6 12. Bxc5 dxc5 13. Nf3 Nh5 14. 0-0 Nf4 15. Rfd1 Qe7 16. Bf1 f5 17. Ne2 Rb8 18. Rd2 fxe4 19. Qxe4 Bf5 20. Qxc6 Rb6 21. Qa4 Nd3 22. Ng3 Nxb2 23. Nxf5 gxf5 24. Qd7 Qf6 25. Qxa7 e4 26. Ne1 Rd6 27. Rxd6 Qxd6 28. Qb7 Kh8 29. Qd5 Qf4 30. Qxc5 Rd8 31. Qe3 Qxe3 32. fxe3 Nxc4 33. Rc1 Nxe3 34. Ba6 Kh7 35. Nc2 Nxg2 36. Kxg2 Rd2+ 37. Kg3 Be5+ 38. Kh4 Rg2 39. Ne3 Bf6+ 0-1

[Event "BCF-chT2a 0809 (4NCL)"]
[Site "Hinckley Island"]
[Date "2008.12.06"]
[Round "3.2"]
[White "Ynojosa Aponte, Felix Jose"]
[Black "Marsh, Roger DW"]
[Result "1-0"]
[WhiteElo "2145"]
[BlackElo "2088"]
[PlyCount "92"]
[EventDate "2008.10.04"]
[EventType "team-tourn"]
[EventRounds "7"]
[EventCountry "ENG"]
[SourceTitle "EXT 2010"]
[Source "ChessBase"]
[SourceDate "2010.11.25"]
[SourceVersion "1"]
[SourceVersionDate "2010.11.25"]
[SourceQuality "1"]
[WhiteTeam "Barbican Youth"]
[BlackTeam "Wessex II"]
[WhiteTeamCountry "ENG"]
[BlackTeamCountry "ENG"]

1. e4 g6 2. d4 Bg7 3. c3 d5 4. exd5 Qxd5 5. Nf3 Nf6 6. Be2 0-0 7. 0-0 Qd8 8. Nbd2 Nbd7 9. Nb3 c6 10. Bg5 Re8 11. Re1 Qc7 12. Bh4 b6 13. Bg3 Qd8 14. Bc4 Nd5 15. Nc1 Bb7 16. Nd3 Rc8 17. Nde5 Nxe5 18. Bxe5 c5 19. Qb3 e6 20. Rad1 Bxe5 21. Rxe5 Qc7 22. Bb5 c4 23. Qc2 Red8 24. Qd2 Ne7 25. Ng5 Rd5 26. Rxd5 Bxd5 27. Qe3 Nf5 28. Qe2 Qf4 29. Nh3 Qc7 30. Re1 a6 31. Ba4 b5 32. Bc2 Ne7 33. Qg4 Nc6 34. Nf4 f5 35. Qg3 Qf7 36. Nxd5 exd5 37. Qd6 Kh8 38. Kf1 Qc7 39. Qxd5 Qxh2 40. Qd7 Qh1+ 41. Ke2 Qh5+ 42. f3 Na7 43. Kd1 Qh2 44. Qxa7 Qxg2 45. Qxa6 Qxf3+ 46. Kc1 Qh3 1-0